00518nam a2200133 a 4500008004100000050002200041100002400063245013600087260003900223300003300262650002300295650003000318650003600348220302s2019 ||||||||||||||||| || u aCBU-PG THESIS/PHI aPhiri, Nchowa Jean 13aAn analysis of factors affecting Freight Transportation Selection: A case study of the Mining Industry in ZambiacJean Nchowa Phiri aKitwebCopperbelt Universityc2019 axi,163 Pages : illustrations aDRILLING IN ZAMBIA aMINING INDUSTRY IN ZAMBIA aFREIGHT TRANSPORTATION - ZAMBIA